000 12969cam a2202485 a 4500
999 _c56592
001 17554428
003 LIBRIS
005 20210315123814.0
008 150214s2015 sw |||||||||||000 0|swe|d
020 _a9789175452593
_qinb.
035 _a(BOKR)9789175452593
040 _aBOKR
_dS
_ea
041 1 _aswe
_heng
082 0 4 _a940.54219348
_223/swe
084 _aK.54b
_2kssb/8
100 1 _aBeevor, Antony,
_d1946-
_4aut
_0https://libris.kb.se/sq47bgwb4ntqfh6#it
240 1 0 _aArdennes 1944.
_lSvenska
245 1 0 _aArdennerna 1944 :
_bHitlers sista offensiv /
_cAntony Beevor ; översatt av Kjell Waltman ; [faktagranskning: Marco Smedberg].
264 1 _aLund :
_bHistoriska media,
_c2015
264 3 _aFalun :
_bScandbook
300 _a512 s., [24] pl.-s.
_bill.
_c24 cm
500 _5Li
_aPliktex.
650 7 _aArdenneroffensiven 1944-1945
_0https://id.kb.se/term/sao/Ardenneroffensiven%201944-1945
_2sao
650 7 _aAndra världskriget 1939-1945
_0https://id.kb.se/term/sao/Andra%20v%C3%A4rldskriget%201939-1945
_2sao
650 7 _aGrymheter
_0https://id.kb.se/term/sao/Grymheter
_2sao
650 0 _aArdennes, Battle of the, 1944-1945
650 0 _aAtrocities
650 0 _aWorld War, 1939-1945
650 4 _aAndra världskriget 1939-1945
650 4 _aArdenneroffensiven 1944-1945
650 4 _aMilitära operationer
650 4 _aVästfronten
650 4 _aWorld War, 1939-1945
650 4 _aArdennes, Battle of the, 1944-1945
650 4 _aCampaigns
650 4 _aWestern Front
698 _a201526
951 s _6650
_aArdennerna
_xoffensiven
700 1 _aWaltman, Kjell,
_d1960-
_4trl
_0https://libris.kb.se/fcrtxvbz4rlg7tb#it
887 _a{"@id":"8slvxqhl2ttv0gk","modified":"2017-12-11T11:32:46+01:00","checksum":"110065057327"}
_2librisxl
887 _a{"@id":"x282tfz31h19g0z","modified":"2015-04-02T14:06:09+02:00","checksum":"99084044473"}
_2librisxl
887 _a{"@id":"mr0sc91s2gk07pg","modified":"2015-06-24T10:27:17+02:00","checksum":"68048219787"}
_2librisxl
887 _a{"@id":"x2934kb32lrnk3f","modified":"2015-04-30T08:35:10+02:00","checksum":"85970179815"}
_2librisxl
887 _a{"@id":"sx5zbf7z33b17zj","modified":"2015-06-04T08:05:29+02:00","checksum":"83157119579"}
_2librisxl
887 _a{"@id":"djrkcq3k1l3kmsq","modified":"2015-07-30T14:01:19+02:00","checksum":"80190932874"}
_2librisxl
887 _a{"@id":"15c542v60lw0zbt","modified":"2015-04-27T13:16:25+02:00","checksum":"94233039841"}
_2librisxl
887 _a{"@id":"59jcdj0b58pk4xq","modified":"2015-08-21T14:37:31+02:00","checksum":"64483034688"}
_2librisxl
887 _a{"@id":"26d6vg874djtxm4","modified":"2015-08-07T12:13:25+02:00","checksum":"87361566562"}
_2librisxl
887 _a{"@id":"v060w3m10jmpldd","modified":"2015-04-16T17:14:21+02:00","checksum":"92250053234"}
_2librisxl
887 _a{"@id":"48hbgsf94kvljs9","modified":"2017-02-06T16:13:14+01:00","checksum":"86571266178"}
_2librisxl
887 _a{"@id":"7clfglqd1scx5gz","modified":"2015-08-21T14:19:19+02:00","checksum":"83203744724"}
_2librisxl
887 _a{"@id":"jnwpqdtp03l12nn","modified":"2015-04-30T13:10:16+02:00","checksum":"89475559793"}
_2librisxl
887 _a{"@id":"fksm6nql2k2rhtp","modified":"2015-09-30T14:14:00+02:00","checksum":"76479151837"}
_2librisxl
887 _a{"@id":"7cld1fqd4s74hd1","modified":"2016-03-07T10:29:55+01:00","checksum":"68264291789"}
_2librisxl
887 _a{"@id":"pt2w4zhv1g5dk9l","modified":"2015-09-02T12:22:41+02:00","checksum":"91780696145"}
_2librisxl
887 _a{"@id":"7ckc88qd47k87cj","modified":"2015-04-24T16:34:13+02:00","checksum":"90179851583"}
_2librisxl
887 _a{"@id":"hmvnqkvn46z6fqg","modified":"2015-05-05T15:40:29+02:00","checksum":"94783910665"}
_2librisxl
887 _a{"@id":"04b421552dbc8g8","modified":"2015-06-03T08:16:26+02:00","checksum":"71505926620"}
_2librisxl
887 _a{"@id":"x2821lk31v0rvfc","modified":"2015-06-03T08:16:40+02:00","checksum":"78372248452"}
_2librisxl
887 _a{"@id":"tz60t1404g4t8r0","modified":"2015-08-03T08:51:58+02:00","checksum":"69021441951"}
_2librisxl
887 _a{"@id":"sx4xs39z3292k8w","modified":"2015-06-03T08:24:42+02:00","checksum":"65963441282"}
_2librisxl
887 _a{"@id":"26d615b722kqgkf","modified":"2015-04-10T16:49:50+02:00","checksum":"92684379767"}
_2librisxl
887 _a{"@id":"04c663t50h3qp2c","modified":"2015-08-20T14:14:16+02:00","checksum":"54417546493"}
_2librisxl
887 _a{"@id":"glslhp4m0tkmgb7","modified":"2015-08-13T16:12:18+02:00","checksum":"73137057056"}
_2librisxl
887 _a{"@id":"jnw2h64p3gwj42v","modified":"2017-03-02T08:12:40+01:00","checksum":"65929760451"}
_2librisxl
887 _a{"@id":"chphdg6j0pd2fph","modified":"2015-06-17T09:13:38+02:00","checksum":"66812564732"}
_2librisxl
887 _a{"@id":"37gm2cd81gxcmhz","modified":"2017-03-01T10:57:40+01:00","checksum":"72897207589"}
_2librisxl
887 _a{"@id":"37g892183c7556f","modified":"2020-07-24T13:33:31.446+02:00","checksum":"92924527014"}
_2librisxl
887 _a{"@id":"mr0stlls12r672n","modified":"2015-04-30T13:16:51+02:00","checksum":"87219936165"}
_2librisxl
887 _a{"@id":"9fngv8jg1xvs5hg","modified":"2015-06-08T18:11:46+02:00","checksum":"80442920275"}
_2librisxl
887 _a{"@id":"26d618m72shr7nd","modified":"2016-01-04T19:07:00+01:00","checksum":"86427421101"}
_2librisxl
887 _a{"@id":"qv3z19fw4r52gbc","modified":"2015-10-27T13:16:15+01:00","checksum":"93081256364"}
_2librisxl
887 _a{"@id":"bgngfhth5rzjm4m","modified":"2015-08-19T12:00:32+02:00","checksum":"92982144144"}
_2librisxl
887 _a{"@id":"pt2vb84v0xxwdx2","modified":"2015-06-22T18:05:58+02:00","checksum":"70091805355"}
_2librisxl
887 _a{"@id":"6bjb7nnc5t5f3bc","modified":"2015-06-03T08:44:51+02:00","checksum":"73437946785"}
_2librisxl
887 _a{"@id":"37gksb684mwpwm3","modified":"2016-11-22T10:06:18+01:00","checksum":"91230571976"}
_2librisxl
887 _a{"@id":"7ckc9snd3dtqtw7","modified":"2017-02-20T14:51:52+01:00","checksum":"89915443277"}
_2librisxl
887 _a{"@id":"v071mct10w9zt1x","modified":"2015-06-29T12:04:44+02:00","checksum":"80320908088"}
_2librisxl
887 _a{"@id":"sx50z80z43ts8fs","modified":"2015-08-14T09:09:31+02:00","checksum":"91774131411"}
_2librisxl
887 _a{"@id":"9fng11vg10w9qft","modified":"2015-06-25T10:54:53+02:00","checksum":"64019019125"}
_2librisxl
887 _a{"@id":"rw4xf12x3rfqp1k","modified":"2015-06-16T12:42:03+02:00","checksum":"90800381762"}
_2librisxl
887 _a{"@id":"z3932ph425m5c8z","modified":"2015-08-12T08:05:46+02:00","checksum":"86660992361"}
_2librisxl
887 _a{"@id":"djrp2rsk1xs27wb","modified":"2016-02-09T16:08:44+01:00","checksum":"74978498923"}
_2librisxl
887 _a{"@id":"mr0t2nrs0p93sw0","modified":"2015-09-03T16:19:27+02:00","checksum":"86342095376"}
_2librisxl
887 _a{"@id":"6bjb85cc5430zbt","modified":"2015-04-22T08:40:02+02:00","checksum":"94487979134"}
_2librisxl
887 _a{"@id":"bgphnlth595cp8v","modified":"2015-05-13T10:57:39+02:00","checksum":"91520881772"}
_2librisxl
887 _a{"@id":"v0721251385j7m0","modified":"2015-08-13T11:46:36+02:00","checksum":"65368624512"}
_2librisxl
887 _a{"@id":"ns1tvr2t5p80rx5","modified":"2015-04-30T15:30:47+02:00","checksum":"97592057981"}
_2librisxl
887 _a{"@id":"mr0s6lvs4tjvlzf","modified":"2015-06-08T18:16:51+02:00","checksum":"79740825307"}
_2librisxl
887 _a{"@id":"glslhdvm3crwdp0","modified":"2015-06-09T08:02:25+02:00","checksum":"73117273965"}
_2librisxl
887 _a{"@id":"fksvfkxl2d82hnc","modified":"2016-10-12T16:05:08+02:00","checksum":"64240996219"}
_2librisxl
887 _a{"@id":"bgphxchh347xbs7","modified":"2015-06-10T16:27:20+02:00","checksum":"75094128197"}
_2librisxl
887 _a{"@id":"qv3wjz5w1xn35wj","modified":"2015-07-02T14:41:47+02:00","checksum":"98476126341"}
_2librisxl
887 _a{"@id":"bgng9cgh0gh2g4w","modified":"2017-12-14T15:02:31+01:00","checksum":"85515416090"}
_2librisxl
900 1 s _6700
_d1960-
_uWaltman, Kjell,
_d1960-
942 _2z
_cBOOK